Statistiques concernant Les personnages #5 Monstres & compagnie

Cliquez ici pour prendre le quiz!

Statistiques générales

  • Ce quiz a été pris 31 fois
  • Le résultat moyen est 6 sur 9

Statistiques - réponses

HintRéponse% Correct
Acolyte du monstre n°2Bob
93%
Grand monstre bleu (Ours, Chat)Sulli
93%
Petite fille venant du monde des humainsBouh
79%
Lézard géant violet (Lézard, Serpent)Léon
79%
Secrétaire de la section terreur (Limace)Germaine
72%
Homme des cavernes vivant en HimalayaYéti
72%
Amoureuse du monstre n°1 et secrétaire générale de Monsters Inc.Célia
69%
Jeune monstre orange et jaune avec une corne qui se prend une chaussette dans le dosGeorges
31%
Acolyte du monstre n°6 (Aussi le nom d'un rappeur)La fouine
21%

Distribution des résultats

Percentile par nombre de réponses

% des personnes avec chaque résultat

Votre développement - résultats

Vous n’avez pas pris ce quiz